Catálogo de publicaciones 2006

Đã lưu trong:
Chi tiết về thư mục
Tác giả của công ty: Centro de Investigaciones Sociológicas
Định dạng: Texto
Được phát hành: Madrid: Centro de Investigaciones Sociológicas
Các nhãn: Thêm thẻ
Không có thẻ, Là người đầu tiên thẻ bản ghi này!

MARC

LEADER 00000 a a2200000 04500
001 34393
003
040
090 |a REF 1007 C397c  |b REFERENCIA  
110 |a Centro de Investigaciones Sociológicas  
245 |a Catálogo de publicaciones 2006  
260 |a Madrid:   |b Centro de Investigaciones Sociológicas  
300 |a 240 p.  
999 |c 1743  |d 1743